ABD deneyimi ışığında emek piyasası reformu ve işsizliği azaltıcı politikalar / (Record no. 200001225)

MARC details
000 -LEADER
fixed length control field 01033 a2200337 4500
001 - CONTROL NUMBER
control field 200001225
003 - CONTROL NUMBER IDENTIFIER
control field TR-AnTOB
005 - DATE AND TIME OF LATEST TRANSACTION
control field 20230720114830.0
008 - FIXED-LENGTH DATA ELEMENTS--GENERAL INFORMATION
fixed length control field 111030e2010 tu 000 0
020 ## - INTERNATIONAL STANDARD BOOK NUMBER
International Standard Book Number 9789944606219
International Standard Book Number 9789944606202
040 ## - CATALOGING SOURCE
Original cataloging agency TR-AnTOB
Transcribing agency TR-AnTOB
041 ## - LANGUAGE CODE
Language code of text/sound track or separate title Türkçe
050 ## - LIBRARY OF CONGRESS CALL NUMBER
Classification number HD7096.T9
Item number B55 2010
090 ## - LOCALLY ASSIGNED LC-TYPE CALL NUMBER (OCLC); LOCAL CALL NUMBER (RLIN)
Classification number (OCLC) (R) ; Classification number, CALL (RLIN) (NR) HD 7096.T9 B55 2010
100 1# - MAIN ENTRY--PERSONAL NAME
Personal name Bilgin, Mehmet Hüseyin
9 (RLIN) 40487
245 10 - TITLE STATEMENT
Title ABD deneyimi ışığında emek piyasası reformu ve işsizliği azaltıcı politikalar /
Statement of responsibility, etc. Mehmet Hüseyin Bilgin.
264 #1 - PRODUCTION, PUBLICATION, DISTRIBUTION, MANUFACTURE, AND COPYRIGHT NOTICE
Place of production, publication, distribution, manufacture İstanbul :
Name of producer, publisher, distributor, manufacturer İstanbul Ticaret Odas,
Date of production, publication, distribution, manufacture, or copyright notice 2010
300 ## - PHYSICAL DESCRIPTION
Extent 141 p. ;
Other physical details 20 cm.
490 0# - SERIES STATEMENT
Series statement ITO Yay., no ;
Volume/sequential designation 2010-25
504 ## - BIBLIOGRAPHY, ETC. NOTE
Bibliography, etc. note
650 #0 - SUBJECT ADDED ENTRY--TOPICAL TERM
Topical term or geographic name entry element Unemployment insurance
Geographic subdivision Turkey
9 (RLIN) 69481
Topical term or geographic name entry element İdari komisyonlar
Geographic subdivision Türkiye
9 (RLIN) 69484
Topical term or geographic name entry element İş piyasası
Geographic subdivision Türkiye
9 (RLIN) 18442
651 #0 - SUBJECT ADDED ENTRY--GEOGRAPHIC NAME
Geographic name Türkiye
General subdivision Ekonomik durum
9 (RLIN) 80633
700 ## - ADDED ENTRY--PERSONAL NAME
Personal name Arı, Selçuk
9 (RLIN) 26459
902 ## - LOCAL DATA ELEMENT B, LDB (RLIN)
a 0034278
903 ## - LOCAL DATA ELEMENT C, LDC (RLIN)
a Merkez Kütüphane
942 ## - ADDED ENTRY ELEMENTS (KOHA)
Koha item type Book
Source of classification or shelving scheme Library of Congress Classification
Holdings
Withdrawn status Lost status Source of classification or shelving scheme Materials specified (bound volume or other part) Not for loan Collection code Home library Current library Shelving location Date acquired Source of acquisition Cost, normal purchase price Serial Enumeration / chronology Inventory number Total Checkouts Total Holds Full call number Barcode Copy number Cost, replacement price Date shelved Koha item type
      v.1 Ödünç Verilebilir / Available Genel Koleksiyon Merkez Kütüphane Merkez Kütüphane Genel Koleksiyon / Main Collection 09/07/2010 Bağış / Donation 0.01 1 İKT     HD7096.T9 B55 2010 0034278 1 0.01 09/07/2010 Book
      v.2 Ödünç Verilebilir / Available Genel Koleksiyon Merkez Kütüphane Merkez Kütüphane Genel Koleksiyon / Main Collection 20/10/2010 Bağış / Donation 0.00 1 İKT     HD7096.T9 B55 2010 0034934 2 0.00 20/10/2010 Book
      v.3 Ödünç Verilebilir / Available Genel Koleksiyon Merkez Kütüphane Merkez Kütüphane Genel Koleksiyon / Main Collection 20/10/2010 Bağış / Donation 0.00 1 İKT     HD7096.T9 B55 2010 0034935 3 0.00 20/10/2010 Book
Devinim Yazılım Eğitim Danışmanlık tarafından Koha'nın orjinal sürümü uyarlanarak geliştirilip kurulmuştur.